000 00490cam a2200205ua 4500
001 9026
005 20260515114421.0
008 150220n ii |||gr||||Z||||||eng
020 _a8121900093
040 _cMAIN
041 _aeng
082 _a425
100 _aWren, P. C.,
_eAuthor.
245 1 _aHigh school english grammar and composition
_cBy P. C. Wren
250 _a1st.
260 _aNew Delhi:
_bS. Chand,
_c2012.
300 _a376p.
653 _aEnglish grammar
942 _cBK
999 _c8109
_d8109